01008nam a22003015i 450000100060000000300090000600500170001500700030003200800410003502000180007604000220009408000120011610000410012811000140016924500680018326000420025130000210029349000320031450000490034650000120039565000440040771000350045183000400048685200330052694200080055999900170056795201220058410622ES-MaACL20251212063014.0t|941025s1994 sp ||||0| spa j a84-239-7840-0 aM-BN bspa cM-BN a806.0-5 9242618aAlarcos Llorach, Emilioeaut1 a 924259410aGramática de la lengua española / cEmilio Alarcos Llorach. aMadrid : bEspasa-Calpe, cD.L. 1994. a406 p ; c22 cm.1 aColección Nebrija y Bello aPrecede al tít.: Real Academia Española. aIndice. 4aLengua española-xGramática.9141612 aReal Academia Española963360 aColección Nebrija y Bello9179937 aES-MaACLjL-18022 bR.123018 2udc c10622d10622 00104070aATENEOMbATENEOMcDEPO2d2008-01-17eSCl0oL-18022p1010834r2023-02-23 00:00:00w2023-02-23yMONOGRAFIA